000 00723nam a22002057a 4500
005 20241022143732.0
010 _aENG-140894 ENG-142244
020 _a9788123707341
_c185.00
020 _a9788123707341
_c295.00
035 _aEN-124426
035 _aEN-125776
037 _bDBAD
082 _a320.54
100 _aKashyap, Subhash C.
_973157
245 _aOur Constitution:
_bAn Introduction to India's Constitution and Constitutional Law/
_cBy Kashyap, Subhash C.
260 _aNew Delhi
_bNational Book Trust,India
_c2017
270 _aNehru Bhawan, 5 Institutional Area, Phase-II Vasant Kunj, New Delhi
_bNew Delhi
_e110070
300 _axxvi,415p.
_c21cm(pbk)
942 _cCH
_2ddc
_h320.54
_mKAS
_k
999 _c204170
_d204170